000 02587cam a2200349 a 4500
003 EG-GiCUC
005 20250223031558.0
008 161017s2016 ua dh f m 000 0 eng d
040 _aEG-GiCUC
_beng
_cEG-GiCUC
041 0 _aeng
049 _aDeposite
097 _aM.Sc
099 _aCai01.11.13.M.Sc.2016.He.U
100 0 _aHeba Mohammed Aboubakr
245 1 4 _aThe usage of cephalometric parameters as predictors of stature and gender in Egyptian adults /
_cHeba Mohammed Aboubakr ; Supervised Abeer Ahmed Ahmed Zayed , Abla Abdelrahman Ali , Mokhtar Fathy Abdelsattar
246 1 5 _aاستخدام معايير قياسات الرأس كمؤشرات لطول القامة و النوع فى المصريين البالغين
260 _aCairo :
_bHeba Mohammed Aboubakr ,
_c2016
300 _a121 P. :
_bcharts , facsimiles ;
_c25cm
502 _aThesis (M.Sc.) - Cairo University - Faculty of Medicine - Department of Forensic Medicine - Toxicology
520 _aObjectives: The objective of the present study was an attempt to estimate stature and gender from cephalic measurements in Egyptian candidates. Subjects and Methods: Four hundred (400) healthy Egyptian adults (200 Males and 200 Females) aged between 21-29 years were recruited. Stature and five cephalometric parameters (Head circumference, Maximum head length, Maximum head breadth, Biocular width and Mouth width) of each subject were measured. Data were analyzed by using statistical software SPSS-22. Results: The present study showed that there is positive highly statistical significant correlation between stature and the cephalometric parameters. Also the cephalometric parameters showed highly statistical significant difference between male and female studied groups and were able to estimate gender with accuracy value 82.8% through discriminant score. Conclusion: The present study proved that cephalometric parameters show good reliability and applicability for stature estimation and gender identification. Application of the concluded regression equations and discriminant score and usage of cephalometric anthropology into clinical practice is recommended
530 _aIssued also as CD
653 4 _aCephalic measurements
653 4 _aForensic anthropology
653 4 _aIdentification
700 0 _aAbeer Ahmed Ahmed Zayed ,
_eSupervisor
700 0 _aAbla Abdelrahman Ali ,
_eSupervisor
700 0 _aMokhtar Fathy Abdelsattar ,
_eSupervisor
856 _uhttp://172.23.153.220/th.pdf
905 _aEnas
_eCataloger
905 _aNazla
_eRevisor
942 _2ddc
_cTH
999 _c58126
_d58126